Animal Faces by Emoji - Statistics

General Stats
  • This quiz has been taken 315 times
  • The average score is 23 of 25
Answer Stats
Emoji Animal % Correct
๐Ÿต Monkey
100%
๐Ÿฑ Cat
99%
๐Ÿถ Dog
99%
๐Ÿญ Mouse
99%
๐Ÿฆ Lion
98%
๐Ÿท Pig
98%
๐Ÿฏ Tiger
98%
๐Ÿฎ Cow
97%
๐Ÿฐ Rabbit
97%
๐Ÿป Bear
96%
๐Ÿธ Frog
96%
๐Ÿ” Chicken
95%
๐ŸฆŠ Fox
95%
๐Ÿง Penguin
95%
๐Ÿณ Whale
94%
๐Ÿผ Panda
93%
๐ŸŒ Snail
93%
๐Ÿฆ‹ Butterfly
92%
๐Ÿฆ€ Crab
91%
๐Ÿ Honeybee
91%
๐Ÿ•ท Spider
91%
๐Ÿœ Ant
90%
๐Ÿจ Koala
89%
๐Ÿ™ Octopus
88%
๐Ÿฆ‚ Scorpion
75%
No matching quizzes found
Score Distribution
Percent of People with Each Score
Percentile by Number Answered
Your Score History
You have not taken this quiz